| 000 | 00598nam a2200241Ia 4500 | ||
|---|---|---|---|
| 003 | OSt | ||
| 005 | 20220816144601.0 | ||
| 008 | 210210b2019 xxu||||| |||| 00| 0 eng d | ||
| 040 | _cAL | ||
| 041 | _aeng | ||
| 082 | _a657.48 RAGF | ||
| 100 |
_aRAGHUVEERA (Y S) _954798 |
||
| 245 | _aFinancial accounting I | ||
| 260 |
_aMumbai _bHimalaya Publishing House _c2019 |
||
| 300 | _avi,250 | ||
| 650 |
_aCBCS _954799 |
||
| 650 |
_aI SEM _954800 |
||
| 650 |
_aBCOM _954801 |
||
| 690 |
_aFinancial Accounting _954802 |
||
| 700 |
_aBHAT (Venkatramana) _954803 |
||
| 906 | _a073368 | ||
| 942 |
_2ddc _cBK |
||
| 999 |
_c153430 _d153430 |
||